| 000 | 00000nam##2200000za#4500 |
| 001 | 9.601117 |
| 003 | CaOODSP |
| 005 | 20210624205921 |
| 007 | cr ||||||||||| |
| 008 | 150406|2009||||xxc|||||o f|0| 0 fre|d |
| 040 | |aCaOODSP|bfre |
| 043 | |an-cn--- |
| 086 | 1 |aYC2-3-0/402-3F-PDF |
| 110 | 1 |aCanada.|bSénat. |bComité spécial sur le vieillissement. |
| 245 | 13|aLe vieillissement de la population : |h[ressource électronique]|bun phénomène à valoriser / |cL'honorable Sharon Carstairs, C.P., présidente; L'honorable Wilbert Joseph Keon, vice-président. |
| 246 | 3 |aRapport final |
| 260 | |aOttawa - Ontario : |bSénat. |cAvril 2009. |
| 300 | |a263p.|bgraphiques, références, tableaux |
| 490 | 1 |aRapport du Comité sénatorial spécial sur le vieillissement|v[40e législature, 2e session, 3e rapport] |
| 590 | |a11-12-Supp|b2011-07-29 |
| 775 | 08|tCanada's aging population : |w(CaOODSP)9.570435 |
| 830 | #0|aRapport du Comité sénatorial spécial sur le vieillissement ;|v[40e législature, 2e session, 3e rapport]|w(CaOODSP)9.501657 |
| 856 | 40|ahttp://publications.gc.ca|qPDF|s1.63 Mo|uhttps://publications.gc.ca/collections/collection_2011/sen/yc2-3-0/YC2-3-0-402-3-fra.pdf|y[40e législature, 2e session, 3e rapport] |